Case Study: Impacts of Globalization on Socio-Economic Domain of Employees in the Area of Czech and Slovak Republic

Sociologické, ekonomické a sociálne aspekty globalizácie. Zdôraznenie rozvoja ľudského potenciálu, zmien v pracovných podmienkach, vnímanie zamestnania v Čechách a na Slovensku založené na prieskume socio-ekonomických trendov dnešných zamestnancov smerom k ich budúcnosti a k úrovni spokojnosti.

Enregistré dans:
Détails bibliographiques
Auteur principal: Dávideková, Soňa
Autres auteurs: Greguš, Michal
Format: Chapitre de livre
Langue:anglais
Sujets:
Tags: Ajouter un tag
Pas de tags, Soyez le premier à ajouter un tag!

MARC

LEADER 00000nla a2200000 4500
001 0241112
005 20240417075133.2
041 0 |a eng 
044 |a CZ 
245 1 0 |a Case Study: Impacts of Globalization on Socio-Economic Domain of Employees in the Area of Czech and Slovak Republic  |c Soňa Dávideková, Michal Greguš 
520 |a Sociologické, ekonomické a sociálne aspekty globalizácie. Zdôraznenie rozvoja ľudského potenciálu, zmien v pracovných podmienkach, vnímanie zamestnania v Čechách a na Slovensku založené na prieskume socio-ekonomických trendov dnešných zamestnancov smerom k ich budúcnosti a k úrovni spokojnosti. 
610 2 0 |a štúdie prípadové 
610 2 0 |a zamestnanci 
610 2 0 |a zamestnanie 
610 2 0 |a podmienky pracovné 
610 2 0 |a vývoj spoločenský 
610 2 0 |a globalizácia 
610 2 0 |a analýza ekonomická 
610 2 0 |a analýza sociálna 
610 2 0 |a Česko 
610 2 0 |a Slovensko 
100 1 |a Dávideková, Soňa 
700 1 |a Greguš, Michal